Les 20 Jeux les plus vendus de la PS4 - Statistiques

Statistiques générales
  • Ce quiz a été pris 297 fois
  • Le résultat moyen est 3 sur 20
Statistiques - réponses
Date Jeux % Correct
2013 Grand Theft Auto
87%
2017 Fifa 18
50%
2018 God Of War
33%
2018 Red Dead Redemption II
33%
2018 Marvel's Spider Man
26%
2016 Uncharted 4 : A Thief's End
19%
2015 Call Of Duty Black Ops III
18%
2017 Horizon : Zero Dawn
14%
2017 Gran Turismo Sport
8%
2015 The Witcher 3 : Wild Hunt
8%
2020 The last Of us Part II
5%
2017 Call Of Duty WWII
2%
2020 Cyberpunk 2077
2%
2018 Monster Hunter World
2%
2015 Star Wars Battlefront
2%
2014 The last Of us Remastered
2%
2014 inFamous Second Son
1%
2016 Street Fighter V
1%
2020 Final Fantasy VII : Remake
0%
2020 Ghost Of Tsushuma
0%
Aucun quiz correspondant
Distribution des résultats
% des personnes avec chaque résultat
Percentile par nombre de réponses
Votre historique - résultats
Vous n’avez pas pris ce quiz